[Event "TCh-CHN 2017"]
[Site "China CHN"]
[Date "2017.05.23"]
[Round "5.3"]
[Board "4"]
[White "Gu, Tianlu"]
[Black "Zhang, Xiaowen"]
[Result "1/2-1/2"]
[WhiteTitle "WIM"]
[BlackTitle "WGM"]
[WhiteElo "2197"]
[BlackElo "2332"]
[WhiteTeam "Hangzhou"]
[BlackTeam "Shandong"]
[WhiteFideId "8603995"]
[BlackFideId "8603219"]
[EventDate "2017.04.18"]

1. e4 e6 2. d4 d5 3. Nd2 Nf6 4. e5 Nfd7 5. Bd3 c5 6. c3 Nc6 7. Ne2 cxd4 8. cxd4
f6 9. exf6 Nxf6 10. O-O Bd6 11. Nf3 O-O 12. Bf4 Nh5 13. Bxd6 Qxd6 14. Ng5 g6 15.
Nc3 Nf4 16. g3 Nxd3 17. Qxd3 Qb4 18. Ne2 Bd7 19. a3 Qb6 20. h4 Ne7 21. a4 Rac8
22. Nf3 Qxb2 23. Ne5 Be8 24. Rab1 Qc2 25. Rxb7 Qxd3 26. Nxd3 Nf5 27. Rxa7 Rc4
28. Nc5 e5 29. Ne6 Rf7 30. Rxf7 Bxf7 31. Ng5 exd4 32. Nf3 Rxa4 1/2-1/2

[Event "TCh-CHN 2017"]
[Site "China CHN"]
[Date "2017.05.23"]
[Round "5.3"]
[Board "5"]
[White "Dzagnidze, Nana"]
[Black "Zhang, Lanlin"]
[Result "1-0"]
[WhiteTitle "GM"]
[WhiteElo "2522"]
[BlackElo "2183"]
[WhiteTeam "Hangzhou"]
[BlackTeam "Shandong"]
[WhiteFideId "13601903"]
[BlackFideId "8608032"]
[EventDate "2017.04.18"]

1. Nf3 Nf6 2. c4 c6 3. b3 d5 4. Bb2 e6 5. g3 Nbd7 6. Bg2 Bd6 7. Nc3 O-O 8. O-O
e5 9. cxd5 cxd5 10. d3 a6 11. e3 b5 12. Nh4 Nb6 13. a4 b4 14. Ne2 a5 15. f4 Re8
16. fxe5 Bxe5 17. Nd4 Bg4 18. Qd2 Qd7 19. Rf2 Bh5 20. Raf1 Rac8 21. Nhf3 Bxf3
22. Rxf3 Na8 23. Rf5 Nc7 24. Bh3 Qd6 25. Rxe5 Qxe5 26. Bxc8 Rxc8 27. Nf5 Qe8 28.
Nd6 Qd7 29. Nxc8 Qxc8 30. Bxf6 gxf6 31. Qc2 Qd8 32. Qc6 Kg7 33. Qb6 Qe7 34. Kg2
Ne6 35. Qxa5 Qd6 36. Qb5 Qe5 37. Qxb4 Qxe3 38. Qg4+ 1-0

[Event "TCh-CHN 2017"]
[Site "China CHN"]
[Date "2017.05.23"]
[Round "5.4"]
[Board "1"]
[White "Xu, Xiangyu"]
[Black "Wang, Chen"]
[Result "1/2-1/2"]
[WhiteTitle "GM"]
[BlackTitle "IM"]
[WhiteElo "2549"]
[BlackElo "2495"]
[WhiteTeam "Chengdu"]
[BlackTeam "Chongqing"]
[WhiteFideId "8608288"]
[BlackFideId "8601020"]
[EventDate "2017.04.18"]

1. Nf3 d5 2. d4 Nf6 3. c4 e6 4. Nc3 Nbd7 5. Bg5 c6 6. e3 Be7 7. Bd3 O-O 8. O-O
h6 9. Bh4 b6 10. cxd5 Nxd5 11. Nxd5 exd5 12. Bg3 Bb7 13. Rc1 c5 14. b3 a6 15.
Qe2 Re8 16. Rfd1 Bf8 17. Bf5 g6 18. Bxd7 Qxd7 19. dxc5 bxc5 20. b4 Rac8 21. bxc5
Bxc5 22. Qb2 Bf8 23. Rxc8 Rxc8 24. h3 Ba8 25. Qd4 Qe6 26. Be5 Qf5 27. Qg4 Qxg4
28. hxg4 Bc6 29. Rb1 Bd7 30. g5 hxg5 31. Nxg5 Bb5 32. Nf3 Be7 33. Nd4 f6 34. Bf4
Rc5 35. g4 Kf7 36. Kg2 Rc4 37. Rh1 Kg8 38. Rh6 Be8 39. Rh1 Bc5 40. Nb3 d4 1/2-1/2

[Event "TCh-CHN 2017"]
[Site "China CHN"]
[Date "2017.05.23"]
[Round "5.4"]
[Board "2"]
[White "Li, Di"]
[Black "Zhou, Weiqi"]
[Result "1/2-1/2"]
[WhiteTitle "IM"]
[BlackTitle "GM"]
[WhiteElo "2485"]
[BlackElo "2613"]
[WhiteTeam "Chengdu"]
[BlackTeam "Chongqing"]
[WhiteFideId "8607508"]
[BlackFideId "8601674"]
[EventDate "2017.04.18"]

1. d4 Nf6 2. c4 e6 3. Nf3 b6 4. a3 Bb7 5. Nc3 Ne4 6. Qc2 Nxc3 7. Qxc3 Be7 8. g3
Bf6 9. Qd3 c5 10. d5 exd5 11. cxd5 O-O 12. h4 c4 13. Qxc4 Na6 14. Ng5 Rc8 15.
Qd3 g6 16. Ne4 Nc5 17. Nxc5 bxc5 18. Bg2 c4 19. Qd1 c3 20. bxc3 Bxc3+ 21. Bd2
Qa5 22. Rh2 Rfe8 23. Bf3 h5 24. Bxc3 Qxc3+ 25. Kf1 Ba6 26. Kg2 Bxe2 27. Bxe2
Rxe2 28. Qxe2 Qxa1 29. Rh1 Qxa3 30. Qe5 d6 31. Qf6 Re8 32. Rd1 a5 33. Rd4 Qc3
34. Qf4 Kg7 35. Rc4 Qd3 36. Rd4 Qc3 37. Rc4 Qe5 38. Qd2 Qa1 39. Rc6 Re1 40. Rxd6
Rg1+ 41. Kh2 Rh1+ 42. Kg2 Rg1+ 43. Kh2 Rh1+ 44. Kg2 Rh3 45. Kf3 Qa3+ 46. Kg2 Qa1
47. Kf3 Qa3+ 48. Kg2 Qxd6 49. Kxh3 a4 50. Qd4+ Qf6 51. Qxa4 Qxf2 52. Qd1 Kf8 53.
d6 Qf5+ 54. Kh2 Qf2+ 55. Kh3 Qf5+ 56. Kh2 Qf2+ 57. Kh3 Qf5+ 58. Kh2 1/2-1/2

[Event "TCh-CHN 2017"]
[Site "China CHN"]
[Date "2017.05.23"]
[Round "5.4"]
[Board "3"]
[White "Liu, Guanchu"]
[Black "Zeng, Chongsheng"]
[Result "1/2-1/2"]
[WhiteTitle "IM"]
[BlackTitle "GM"]
[WhiteElo "2462"]
[BlackElo "2547"]
[WhiteTeam "Chengdu"]
[BlackTeam "Chongqing"]
[WhiteFideId "8603901"]
[BlackFideId "8603847"]
[EventDate "2017.04.18"]

1. e4 c5 2. Nf3 Nc6 3. d4 cxd4 4. Nxd4 e6 5. Nc3 Qc7 6. Be3 a6 7. Qd2 Nf6 8.
O-O-O Be7 9. f3 b5 10. Kb1 O-O 11. g4 Nxd4 12. Bxd4 Bb7 13. h4 d5 14. e5 Nd7 15.
f4 b4 16. Ne2 a5 17. Qe3 a4 18. Rh2 Ba6 19. Nc1 Rfc8 20. h5 Bxf1 21. Rxf1 Bc5
22. Nd3 Bxd4 23. Qxd4 Qc4 24. Qxc4 Rxc4 25. b3 Rd4 26. g5 a3 27. h6 g6 28. Kc1
Rc8 29. Kd2 Nb8 30. Ke3 Re4+ 31. Kd2 Na6 32. Re1 Rxe1 33. Kxe1 Kf8 34. Kd2 Ke7
35. Rh3 Kd7 36. Nf2 Nc5 37. c3 Rb8 38. Kc2 Kc6 39. cxb4 Rxb4 40. Rc3 Kb5 1/2-1/2

[Event "TCh-CHN 2017"]
[Site "China CHN"]
[Date "2017.05.23"]
[Round "5.4"]
[Board "4"]
[White "Tan, Zhongyi"]
[Black "Ren, Xiaoyi"]
[Result "1-0"]
[WhiteTitle "GM"]
[WhiteElo "2517"]
[BlackElo "2254"]
[WhiteTeam "Chongqing"]
[BlackTeam "Chengdu"]
[WhiteFideId "8603642"]
[BlackFideId "8608709"]
[EventDate "2017.04.18"]

1. d4 d5 2. c4 c6 3. Nf3 Nf6 4. Nbd2 Bf5 5. Nh4 Bg4 6. h3 Be6 7. e3 dxc4 8. Nxc4
g6 9. Bd3 Bg7 10. O-O O-O 11. b4 Bxc4 12. Bxc4 Nd5 13. Nf3 b5 14. Bxd5 cxd5 15.
Bd2 Nd7 16. Qe2 Qb6 17. a4 a6 18. axb5 axb5 19. Ra5 Rab8 20. Rc1 e6 21. Qd3 Qb7
22. Rca1 Qc6 23. Rc1 Qb7 24. h4 Bf6 25. g3 Kg7 26. Ng5 Rfc8 27. Rxc8 Qxc8 28. e4
Qc4 29. Qxc4 dxc4 30. Ra7 Bxg5 31. hxg5 Nb6 32. Bf4 Rc8 33. Rb7 Na4 34. d5 exd5
35. exd5 c3 36. d6 c2 37. Rc7 Rxc7 38. dxc7 Nb6 39. Kf1 Kf8 40. Ke2 Ke7 41. Kd2
Kd7 42. Kxc2 Nd5 43. Bd6 Nb6 44. Bc5 Nd5 45. Kd3 Nxc7 46. Ke4 Ke6 47. Bf8 Na6
48. f4 Nb8 49. g4 f5+ 50. gxf6 Kxf6 51. Bd6 Na6 52. Be5+ Ke6 53. Bc3 h5 54. gxh5
gxh5 55. f5+ Kf7 56. Kf4 Nc7 57. Kg5 Nd5 58. Bd2 Nf6 59. Be1 Ke7 60. Kg6 Nd5 61.
Bg3 Nb6 62. Bh4+ Kd6 63. Kxh5 Nd7 64. Kg6 Ke5 65. Bg3+ Kd5 66. Kf7 Ke4 67. Ke6
Nf8+ 68. Ke7 Kd5 1-0

[Event "TCh-CHN 2017"]
[Site "China CHN"]
[Date "2017.05.23"]
[Round "5.4"]
[Board "5"]
[White "Lei, Tingjie"]
[Black "Cornette, Deimante"]
[Result "1-0"]
[WhiteTitle "GM"]
[BlackTitle "IM"]
[WhiteElo "2528"]
[BlackElo "2439"]
[WhiteTeam "Chongqing"]
[BlackTeam "Chengdu"]
[WhiteFideId "8605114"]
[BlackFideId "12802859"]
[EventDate "2017.04.18"]

1. d4 Nf6 2. c4 e6 3. Nc3 Bb4 4. Qc2 d5 5. cxd5 exd5 6. Bg5 O-O 7. e3 h6 8. Bh4
c5 9. dxc5 Nbd7 10. Ne2 Nxc5 11. a3 Bxc3+ 12. Nxc3 Nce4 13. Nxe4 dxe4 14. Bc4
Qb6 15. O-O Re8 16. Rac1 Bf5 17. Qb3 Qxb3 18. Bxb3 Rac8 19. h3 Nd7 20. Bd5 Nc5
21. b4 Nd3 22. Rxc8 Rxc8 23. Bxb7 Rc3 24. Ra1 Nc1 25. g4 Bg6 26. Kf1 Rc2 27. a4
Nb3 28. Rd1 Nd2+ 29. Kg2 Nc4 30. Kg1 Nd2 31. Bg3 Nf3+ 32. Kg2 Rc4 33. Bd6 Kh7
34. Kg3 f5 35. a5 h5 36. gxf5 Bxf5 37. Kf4 g6 38. Bc5 h4 39. Bd5 Rc2 40. Bxe4
Rc4 41. Bd4 Bxe4 42. Kxe4 Ng5+ 43. Kd5 Rxb4 44. f4 Nf7 45. Ke6 Nd8+ 46. Kd7 Nf7
47. Bf6 Rb5 48. Ke6 Kg8 49. Rd5 Rb3 50. Bd4 Rb8 51. Rd7 Re8+ 52. Kf6 1-0

[Event "TCh-CHN 2017"]
[Site "China CHN"]
[Date "2017.05.23"]
[Round "5.5"]
[Board "1"]
[White "Lu, Shanglei"]
[Black "Sethuraman, S.P."]
[Result "1/2-1/2"]
[WhiteTitle "GM"]
[BlackTitle "GM"]
[WhiteElo "2641"]
[BlackElo "2646"]
[WhiteTeam "Zhejiang"]
[BlackTeam "Shenzhen"]
[WhiteFideId "8603332"]
[BlackFideId "5021596"]
[EventDate "2017.04.18"]

1. e4 e6 2. d4 d5 3. Nd2 c5 4. Ngf3 cxd4 5. exd5 Qxd5 6. Bc4 Qd8 7. Nb3 Nc6 8.
Nbxd4 Nxd4 9. Qxd4 Qxd4 10. Nxd4 Bd7 11. Be2 Nf6 12. O-O Rc8 13. c4 Bc5 14. Rd1
e5 15. Nc2 Bf5 16. Ne3 Be6 17. Bf3 b6 18. b3 Bd4 19. Rb1 O-O 20. Ba3 Rfd8 21. h3
Rd7 22. g4 Rcd8 23. Bc6 Rc7 24. Bf3 Rcd7 25. Bc6 Rc7 26. Bf3 Rcd7 27. Bc6 Rc7 1/2-1/2

[Event "TCh-CHN 2017"]
[Site "China CHN"]
[Date "2017.05.23"]
[Round "5.5"]
[Board "2"]
[White "Gordievsky, Dmitry"]
[Black "Liu, Qingnan"]
[Result "1-0"]
[WhiteTitle "GM"]
[BlackTitle "GM"]
[WhiteElo "2610"]
[BlackElo "2522"]
[WhiteTeam "Zhejiang"]
[BlackTeam "Shenzhen"]
[WhiteFideId "24112798"]
[BlackFideId "8603294"]
[EventDate "2017.04.18"]

1. Nf3 c5 2. c4 Nf6 3. Nc3 d5 4. cxd5 Nxd5 5. d4 e6 6. e3 Nc6 7. Bd3 Be7 8. O-O
O-O 9. a3 cxd4 10. exd4 Bf6 11. Be4 Nce7 12. Qd3 g6 13. Bh6 Re8 14. Rfe1 b6 15.
h4 Bb7 16. Bg5 Bxg5 17. hxg5 Nf5 18. Qd2 Nd6 19. Bxd5 exd5 20. Qf4 Rxe1+ 21.
Rxe1 Nc4 22. Ne5 Nxe5 23. Rxe5 Qd7 24. Nd1 Re8 25. Ne3 Rxe5 26. Qxe5 Bc6 27. f3
h5 28. gxh6 f5 29. g4 Kh7 30. g5 Bb7 31. Kh2 Bc8 32. Nxd5 1-0

[Event "TCh-CHN 2017"]
[Site "China CHN"]
[Date "2017.05.23"]
[Round "5.5"]
[Board "3"]
[White "Xu, Minghui"]
[Black "Wang, Hao"]
[Result "0-1"]
[BlackTitle "GM"]
[WhiteElo "2316"]
[BlackElo "2709"]
[WhiteTeam "Zhejiang"]
[BlackTeam "Shenzhen"]
[WhiteFideId "8606790"]
[BlackFideId "8602883"]
[EventDate "2017.04.18"]

1. Nf3 Nf6 2. g3 d5 3. Bg2 c6 4. O-O Bf5 5. c4 dxc4 6. Na3 Qd5 7. b3 cxb3 8. d3
Bc8 9. Nc4 Qd8 10. Qxb3 e6 11. a4 Be7 12. Ba3 O-O 13. d4 Bxa3 14. Qxa3 a5 15.
Rab1 Na6 16. Rfc1 Nd5 17. e4 Ndb4 18. e5 b6 19. Nd6 Nc7 20. Nd2 Ncd5 21. N2c4
Ba6 22. f4 Ra7 23. Bxd5 cxd5 24. Ne3 f6 25. Rc3 fxe5 26. fxe5 Qg5 27. Qb2 Rc7
28. Ng2 Nd3 29. Qc2 Rxc3 30. Qxc3 Qg4 31. Nb5 Qf5 32. Nh4 Qf2+ 33. Kh1 Bxb5 34.
axb5 Qe3 0-1

[Event "TCh-CHN 2017"]
[Site "China CHN"]
[Date "2017.05.23"]
[Round "5.5"]
[Board "4"]
[White "Liu, Shilan"]
[Black "Zhu, Jiner"]
[Result "1/2-1/2"]
[WhiteTitle "WGM"]
[WhiteElo "2083"]
[BlackElo "2324"]
[WhiteTeam "Shenzhen"]
[BlackTeam "Zhejiang"]
[WhiteFideId "8600279"]
[BlackFideId "8608059"]
[EventDate "2017.04.18"]

1. e4 c5 2. c3 d5 3. exd5 Qxd5 4. d4 Nc6 5. Nf3 Nf6 6. Be2 Bf5 7. dxc5 Qxc5 8.
Be3 Qa5 9. Na3 e5 10. Nc4 Qc7 11. Qa4 Nd7 12. b4 b6 13. O-O Be7 14. Na3 O-O 15.
Nb5 Qb8 16. Na3 Qd6 17. Nc4 Qc7 18. Rfd1 a6 19. Rxd7 Bxd7 20. Nxb6 Nd4 21. Qxd7
Nxe2+ 22. Kf1 Qxd7 23. Nxd7 Nxc3 24. Nxf8 Kxf8 25. Nxe5 Bxb4 26. Nd3 Bd6 27. Bc5
Rd8 28. a3 Bxc5 29. Nxc5 Rd6 30. Rc1 Nb5 1/2-1/2

[Event "TCh-CHN 2017"]
[Site "China CHN"]
[Date "2017.05.23"]
[Round "5.5"]
[Board "5"]
[White "Huang, Qian"]
[Black "Ding, Yixin"]
[Result "1/2-1/2"]
[WhiteTitle "WGM"]
[BlackTitle "WGM"]
[WhiteElo "2438"]
[BlackElo "2424"]
[WhiteTeam "Shenzhen"]
[BlackTeam "Zhejiang"]
[WhiteFideId "8602689"]
[BlackFideId "8602972"]
[EventDate "2017.04.18"]

1. Nf3 g6 2. g3 Bg7 3. Bg2 c5 4. c4 Nc6 5. O-O e6 6. e3 Nge7 7. d4 cxd4 8. Nxd4
Nxd4 9. exd4 d5 10. cxd5 Nxd5 11. Nc3 O-O 12. Qb3 Qb6 13. Nxd5 exd5 14. Qxb6
axb6 15. Bxd5 Rd8 16. Re1 Bxd4 17. Bb3 Bf6 18. Be3 Bxb2 19. Bxb6 Bxa1 20. Bxd8
Be6 21. Bxe6 fxe6 22. Rxa1 Rxd8 23. Rb1 Rd7 24. Kg2 h5 25. h4 Kf7 26. a4 Kf6 27.
Kf3 Rd4 28. a5 Rd5 29. Rxb7 Rxa5 30. Rb3 Ra4 31. Ke3 1/2-1/2

[Event "TCh-CHN 2017"]
[Site "China CHN"]
[Date "2017.05.23"]
[Round "5.6"]
[Board "1"]
[White "Cheparinov, Ivan"]
[Black "Xu, Zhihang"]
[Result "1-0"]
[WhiteTitle "GM"]
[BlackTitle "FM"]
[WhiteElo "2710"]
[BlackElo "2373"]
[WhiteTeam "Tianjin"]
[BlackTeam "Qingdao"]
[WhiteFideId "2905540"]
[BlackFideId "8611572"]
[EventDate "2017.04.18"]

1. d4 Nf6 2. c4 e6 3. Nf3 Bb4+ 4. Nbd2 O-O 5. a3 Bxd2+ 6. Qxd2 d5 7. e3 b6 8. b4
a5 9. b5 dxc4 10. Bxc4 Bb7 11. O-O a4 12. Bb2 Nbd7 13. Qe2 Ne4 14. Rac1 Bd5 15.
Bd3 Ra7 16. Ne1 f5 17. f3 Nd6 18. Nc2 c5 19. bxc6 Bxc6 20. Nb4 Ba8 21. e4 fxe4
22. fxe4 Rc7 23. Rxc7 Rxf1+ 24. Qxf1 Qxc7 25. e5 Ne4 26. Qe2 Qb7 27. Bb5 Qc7 28.
Bxa4 Nf8 29. Bb3 Nc3 30. Qc2 Nb5 31. Qd3 Qb7 32. d5 Nc7 33. Nc6 Nxd5 34. Bxd5
exd5 35. Qxd5+ Kh8 36. Qf3 Ne6 37. Nd4 Qxf3 38. Nxf3 Nf4 39. Ba1 Kg8 40. Kf2 Kf7
41. g3 Ne6 42. Ke3 Bd5 43. Nd2 Nc5 44. Bd4 Nd7 45. Ne4 h6 46. Nd6+ Kg6 47. Ne8
b5 48. Nc7 Bc6 49. Kf4 Nf8 50. e6 Nh7 51. Ke5 Ng5 52. Kd6 Bf3 53. e7 Nf7+ 54.
Kc5 1-0

[Event "TCh-CHN 2017"]
[Site "China CHN"]
[Date "2017.05.23"]
[Round "5.6"]
[Board "2"]
[White "Wang, Yue"]
[Black "Zvjaginsev, Vadim"]
[Result "1/2-1/2"]
[WhiteTitle "GM"]
[BlackTitle "GM"]
[WhiteElo "2690"]
[BlackElo "2629"]
[WhiteTeam "Tianjin"]
[BlackTeam "Qingdao"]
[WhiteFideId "8601429"]
[BlackFideId "4113403"]
[EventDate "2017.04.18"]

1. d4 d5 2. c4 e6 3. Nc3 Nf6 4. cxd5 exd5 5. Bg5 c6 6. e3 Bf5 7. Qf3 Be6 8. Bxf6
Qxf6 9. Qxf6 gxf6 10. Nf3 Nd7 11. Bd3 Nb6 12. Ne2 Nc4 13. b3 Nd6 14. Nh4 Rg8 15.
f3 Bh6 16. g3 Bxe3 17. Ng2 Bf5 18. Nxe3 Bxd3 19. Nf4 Bf5 20. Kf2 Bd7 21. Nh5 Rg6
22. Nf4 Rg8 23. Nh5 Rg6 24. Nf4 Rg8 25. Nh5 1/2-1/2

[Event "TCh-CHN 2017"]
[Site "China CHN"]
[Date "2017.05.23"]
[Round "5.6"]
[Board "3"]
[White "Dai, Changren"]
[Black "Fang, Yuxiang"]
[Result "0-1"]
[BlackTitle "GM"]
[WhiteElo "2437"]
[BlackElo "2497"]
[WhiteTeam "Tianjin"]
[BlackTeam "Qingdao"]
[WhiteFideId "8608156"]
[BlackFideId "8605840"]
[EventDate "2017.04.18"]

1. e4 e5 2. Nf3 Nc6 3. Bb5 Nf6 4. d4 Nxe4 5. dxe5 d5 6. Nbd2 Bd7 7. Nb3 Nxe5 8.
Bxd7+ Nxd7 9. Qxd5 Ndc5 10. Qe5+ Qe7 11. O-O Qxe5 12. Nxe5 f6 13. Nc4 O-O-O 14.
Re1 Na4 15. Be3 Nd6 16. Nbd2 Nxc4 17. Nxc4 b5 18. b3 Bb4 19. Rf1 Nc3 20. Nb2
Ne2+ 21. Kh1 Bc3 22. Rab1 Bxb2 23. Rxb2 Nc3 24. Bxa7 Rhe8 25. g3 Re2 26. Kg1
Rdd2 27. a3 Rxc2 28. Rxc2 Rxc2 29. Kg2 Rb2 30. b4 Ra2 31. Re1 Rxa3 32. Bc5 Nd5
33. Re8+ Kb7 34. Rh8 Ra4 35. Rxh7 Nxb4 36. Rxg7 Nd3 37. Be7 Ra6 38. Bf8 b4 39.
Rd7 b3 40. Rxd3 b2 41. Rd1 Ra1 42. Ba3 Rxa3 43. Rb1 Rb3 44. Kf1 Kc6 45. Ke2 Kc5
46. Kd2 Kb4 47. h4 Ka3 48. h5 Ka2 49. Kc2 Rb5 50. Rh1 Rxh5 0-1

[Event "TCh-CHN 2017"]
[Site "China CHN"]
[Date "2017.05.23"]
[Round "5.6"]
[Board "5"]
[White "Pham, Le Thao Nguyen"]
[Black "Xiao, Yiyi"]
[Result "1/2-1/2"]
[WhiteTitle "IM"]
[BlackTitle "WFM"]
[WhiteElo "2354"]
[BlackElo "2311"]
[WhiteTeam "Qingdao"]
[BlackTeam "Tianjin"]
[WhiteFideId "12401226"]
[BlackFideId "8606161"]
[EventDate "2017.04.18"]

1. d4 Nf6 2. Nf3 e6 3. Bf4 c5 4. e3 Nc6 5. Nbd2 d5 6. c3 Bd6 7. Bg3 O-O 8. Bd3
b6 9. e4 dxe4 10. Nxe4 Nxe4 11. Bxe4 Bb7 12. Ne5 Qc7 13. O-O cxd4 14. Nxc6 Bxc6
15. Qxd4 Bxg3 16. hxg3 Bxe4 17. Qxe4 Rad8 18. Rad1 Rd7 19. Rd4 Rxd4 20. Qxd4 Rd8
21. Qa4 Qd7 22. Qa6 h6 23. a4 Qc7 24. Qe2 Qd7 25. Qa6 Qc7 26. Qe2 Qd7 27. Qa6
Qc7 1/2-1/2

[Event "TCh-CHN 2017"]
[Site "China CHN"]
[Date "2017.05.24"]
[Round "6.1"]
[Board "1"]
[White "Yu, Yangyi"]
[Black "Zvjaginsev, Vadim"]
[Result "1-0"]
[WhiteTitle "GM"]
[BlackTitle "GM"]
[WhiteElo "2751"]
[BlackElo "2629"]
[WhiteTeam "Beijing"]
[BlackTeam "Qingdao"]
[WhiteFideId "8603820"]
[BlackFideId "4113403"]
[EventDate "2017.04.18"]

1. e4 c5 2. Nf3 Nc6 3. d4 cxd4 4. Nxd4 g6 5. c4 Nf6 6. Nc3 d6 7. Be2 Nxd4 8.
Qxd4 Bg7 9. Be3 O-O 10. Qd2 Be6 11. Rc1 Qa5 12. f3 Rfc8 13. b3 Rab8 14. Na4
Qxd2+ 15. Kxd2 Bd7 16. Nc3 a6 17. g4 Bc6 18. b4 Be8 19. g5 Nd7 20. f4 Kf8 21. h4
a5 22. b5 f5 23. gxf6 Nxf6 24. Kd3 e6 25. Ba7 Ra8 26. Bd4 Bf7 27. e5 dxe5 28.
fxe5 Nd7 29. Ne4 Nxe5+ 30. Ke3 Ke7 31. c5 Rd8 32. Rhd1 Rd5 33. c6 bxc6 34. bxc6
Bh6+ 35. Ng5 Be8 36. c7 Nc6 37. Ba6 Nxd4 38. Rxd4 Rxg5 39. hxg5 Bxg5+ 40. Ke4
Bxc1 41. Bb7 1-0

[Event "TCh-CHN 2017"]
[Site "China CHN"]
[Date "2017.05.24"]
[Round "6.1"]
[Board "2"]
[White "Fang, Yan"]
[Black "Fang, Yuxiang"]
[Result "1/2-1/2"]
[BlackTitle "GM"]
[WhiteElo "2426"]
[BlackElo "2497"]
[WhiteTeam "Beijing"]
[BlackTeam "Qingdao"]
[WhiteFideId "8604746"]
[BlackFideId "8605840"]
[EventDate "2017.04.18"]

1. e4 e5 2. Nf3 Nc6 3. Nc3 Nf6 4. d4 exd4 5. Nxd4 Bb4 6. Nxc6 bxc6 7. Bd3 d5 8.
exd5 cxd5 9. O-O O-O 10. Bg5 c6 11. Qf3 Bd6 12. Rae1 Rb8 13. Nd1 h6 14. Bxf6
Qxf6 15. Qxf6 gxf6 16. b3 Bd7 17. Ne3 Bb4 18. Rd1 Rfe8 19. Nf5 h5 20. h3 Bc3 21.
Ng3 h4 22. Nf5 Rb4 23. g4 hxg3 24. fxg3 c5 25. Rf3 Be5 26. Bf1 Be6 27. Bg2 a5
28. Ne3 d4 29. Ng4 Kg7 30. Rdf1 Bxg4 31. hxg4 d3 32. Rxd3 Rxg4 33. Bc6 Re7 34.
Rff3 c4 35. Rd7 Rxd7 36. Bxd7 Rd4 37. Bf5 Kh6 38. c3 Rd1+ 39. Rf1 Rd2 40. Rf2
Rxf2 41. Kxf2 1/2-1/2

[Event "TCh-CHN 2017"]
[Site "China CHN"]
[Date "2017.05.24"]
[Round "6.1"]
[Board "3"]
[White "Wang, Yiye"]
[Black "Xu, Zhihang"]
[Result "1-0"]
[WhiteTitle "IM"]
[BlackTitle "FM"]
[WhiteElo "2435"]
[BlackElo "2373"]
[WhiteTeam "Beijing"]
[BlackTeam "Qingdao"]
[WhiteFideId "8606021"]
[BlackFideId "8611572"]
[EventDate "2017.04.18"]

1. e4 c5 2. Nf3 g6 3. c3 Bg7 4. d4 cxd4 5. cxd4 d5 6. e5 Bg4 7. Bb5+ Nc6 8.
Bxc6+ bxc6 9. Nbd2 Nh6 10. O-O O-O 11. h3 Bxf3 12. Nxf3 Qb6 13. b3 c5 14. Bf4
Nf5 15. dxc5 Qb4 16. Qd2 Qxd2 17. Bxd2 e6 18. b4 Rfc8 19. Rfc1 Ne7 20. b5 Rab8
21. Rab1 d4 22. Bg5 Nd5 23. Nxd4 Bxe5 24. Nc6 Rxc6 25. bxc6 Rc8 26. Rb7 a6 27.
Rb6 a5 28. Ra6 Bc3 29. Bh6 Nb4 30. Rxa5 Nxc6 31. Ra6 Nb4 32. Ra4 Nd5 33. c6 f6
34. Ra7 Be5 35. Rg7+ Kh8 36. Rd7 Kg8 37. Kf1 g5 38. c7 Nb6 39. Rg7+ Kh8 40. Rc6
Nd5 41. Rd7 Bxc7 42. a4 Kg8 43. a5 f5 44. Rg7+ Kh8 45. a6 g4 46. a7 gxh3 47.
gxh3 1-0

[Event "TCh-CHN 2017"]
[Site "China CHN"]
[Date "2017.05.24"]
[Round "6.1"]
[Board "5"]
[White "Hong, Xing"]
[Black "Wang, Jue"]
[Result "0-1"]
[BlackTitle "WGM"]
[WhiteElo "2017"]
[BlackElo "2359"]
[WhiteTeam "Qingdao"]
[BlackTeam "Beijing"]
[WhiteFideId "8606129"]
[BlackFideId "8604070"]
[EventDate "2017.04.18"]

1. c4 c6 2. b3 d5 3. Bb2 Nf6 4. Nf3 e6 5. e3 Nbd7 6. Be2 Bd6 7. Qc2 O-O 8. g4
Nxg4 9. Rg1 Ngf6 10. Nc3 Qe7 11. O-O-O Ba3 12. Rg3 Bxb2+ 13. Kxb2 a5 14. Rdg1
Ne8 15. e4 dxc4 16. e5 cxb3 17. axb3 f5 18. exf6 Ndxf6 19. Ne5 Qc5 20. f4 a4 21.
bxa4 Qb4+ 22. Ka2 Qxf4 23. Nf3 b5 24. Ng5 h6 25. Rg4 Qe5 26. Nf3 Qf5 27. Qxf5
exf5 28. Rf4 Be6+ 29. Kb2 Nd5 30. Nxd5 Bxd5 31. axb5 cxb5 32. Rd4 Nf6 33. Nh4
Ra2+ 34. Kb1 Rfa8 35. Rg3 Ra1+ 36. Kc2 R8a2+ 37. Kd3 Ne4 38. Rxd5 Rxd2+ 39. Ke3
Rxd5 40. Rg6 Ra3+ 41. Kf4 Nf6 42. Bf3 Rd4+ 43. Kg3 Rxh4 0-1

[Event "TCh-CHN 2017"]
[Site "China CHN"]
[Date "2017.05.24"]
[Round "6.2"]
[Board "1"]
[White "Sethuraman, S.P."]
[Black "Li, Yankai"]
[Result "0-1"]
[WhiteTitle "GM"]
[WhiteElo "2646"]
[BlackElo "2456"]
[WhiteTeam "Shenzhen"]
[BlackTeam "Tianjin"]
[WhiteFideId "5021596"]
[BlackFideId "8609357"]
[EventDate "2017.04.18"]

1. e4 c5 2. Nf3 e6 3. d4 cxd4 4. Nxd4 Nc6 5. Nc3 Qc7 6. Be3 a6 7. a3 Nf6 8. Be2
Be7 9. f4 d6 10. Qd2 O-O 11. O-O-O Nxd4 12. Qxd4 e5 13. Qd2 b5 14. f5 Bb7 15.
Bf3 Rfd8 16. Qf2 Qc4 17. Be2 Qc8 18. Bf3 a5 19. Nxb5 Nxe4 20. Bxe4 Bxe4 21. f6
gxf6 22. Rhe1 d5 23. Nc3 Qe6 24. Bc5 Bxc5 25. Qxc5 f5 26. Nxe4 fxe4 27. Kb1 f5
28. g4 f4 29. c4 dxc4 30. Rxd8+ Rxd8 31. Qxa5 Qd5 32. Qb4 e3 33. Qe7 Qd6 34. Qh4
c3 35. Ka2 Qe6+ 36. Kb1 Qg6+ 37. Ka2 Rd2 38. Rb1 c2 39. Rc1 Rd1 40. Rxc2 Qxc2
41. Qg5+ Qg6 0-1

[Event "TCh-CHN 2017"]
[Site "China CHN"]
[Date "2017.05.24"]
[Round "6.2"]
[Board "2"]
[White "Wang, Hao"]
[Black "Wang, Yue"]
[Result "1/2-1/2"]
[WhiteTitle "GM"]
[BlackTitle "GM"]
[WhiteElo "2709"]
[BlackElo "2690"]
[WhiteTeam "Shenzhen"]
[BlackTeam "Tianjin"]
[WhiteFideId "8602883"]
[BlackFideId "8601429"]
[EventDate "2017.04.18"]

1. e4 e5 2. Nf3 Nf6 3. Nxe5 d6 4. Nf3 Nxe4 5. Nc3 Nxc3 6. dxc3 Be7 7. Be3 Nc6 8.
Qd2 Be6 9. O-O-O Qd7 10. h4 h6 11. Kb1 O-O-O 12. Nd4 Nxd4 13. Bxd4 Rhg8 14. Qe3
Rde8 15. c4 a6 16. Qc3 g6 17. b3 h5 18. g3 Bg4 19. f3 Bf5 20. Rh2 Kb8 21. a4 Bf8
22. Rhd2 Bh6 23. f4 Bf8 24. Bg2 Be4 25. Bxe4 Rxe4 26. c5 Re6 27. Be5 Be7 28. Qf3
Rd8 29. cxd6 Bxd6 30. Bxd6 Rxd6 31. Rxd6 cxd6 1/2-1/2